00331nam a2200121Ia 4500008004100000020001800041041000800059082002800067100002500095245003200120260004800152300000900200230411s9999 xx 000 0 und d a81-86793-41-0 aeng aOP/617.7/BAS/DAD/B01565 aBasak Samar & Dada V aEssentials of Ophthalmology bCurrent Books InternationalaCalcuttac1999 a369p